00896nam a22002537a 450000500170000001000130001702000230003003500130005303700160006604000120008208200160009410000290011024500720013926000390021127000460025030000270029650000200032365000410034365000460038470000260043094200250045699900190048195201420050020170124110237.0 aB-220223 c390.00a8183330924 aB-220223 bCen Lib/Ret aDPLbEN a005.13bRAD aRadhakrishnan, M.942170 aData Structures using C /cby M. Radhakrishnan [and] V. Srinivasan  aNew Delhi bBPB Publcations c2001 bNew Delhi aB-14, connaught placee110001 aviii, 431p.c23cm(pbk) aIncludes index  aC (Computer program language)942171 aData structures (Computer science)938089 aSrinivasan, V.942172 2ddccENh005.13mRAD c134924d134924 00104070aLbLd2015-07-31eCen Lib/Retg390.00l4m3o005.13 RADpB-220223r2024-01-10 00:00:00s2023-11-25t1v390.00w2015-07-31yEN